000 00624nam a2200229 i 4500
001 C2-0297921
003 PPAK
005 20180728080104.0
008 090524s2004 ii a|||| ||||| | tam d
040 _aPPAK
_beng
_cPPAK
_erda
082 0 4 _a133.9
_223
090 0 0 _a133.9
_bYUV
_dG
100 1 _aYuvaraj, K.,
_eauthor
245 1 0 _aNoi theerkkum aavigal
264 1 _aChennai, India :
_bSri Nilayam ,
_c2004
300 _a240 pages :
_billustrations ;
_c18 cm
336 _2rdacontent
_atext
337 _2rdamedia
_aunmediated
338 _2rdacarrier
_avolume
650 1 0 _aSpiritualism - History
942 _ddc
_cB
999 _c102280
_d102280